• 首页
  • 本馆介绍
  • 公告通知
  • 最新文献
  • 馆藏检索
  • 电子资源
  • 读者导购
  • 参考咨询
  • 我的图书馆
  • 登录
  • 详细信息显示
  • 放入我的书架
  • 预约/预借图书
  • 作者相关作品
  • 分类相关作品
  • 丛书相关作品
  • 出版社相关作品

书目信息

  • 表格格式
  • 工作单格式
  • 卡片格式
题名:
中国近代思想家文库
    
 
作者: 戴逸 主编 ;吴剑杰 编
分册:   张之洞卷
出版信息: 北京   中国人民大学出版社  2014.3
页数: 20,498页
开本: 23cm
丛书名:
单 册:
中图分类: B250.5
科图分类:
主题词: 思想史--Si Xiang Shi--研究--中国--近代 , 研究--Yan Jiu , 中国--Zhong Guo
电子资源:
ISBN: 978-7-300-18592-7
000 01111nam0 22003011 450
001 349785
005 20161008155357.46
010    @a978-7-300-18592-7@dCNY74.00
100    @a20140730d2014 em y0chiy50 ea
101 0  @achi
102    @aCN@b110000
105    @ay z 000yd
106    @ar
200 1  @a中国近代思想家文库@AZhong Guo Jin Dai Si Xiang Jia Wen Ku@i张之洞卷@f吴剑杰[卷]编
210    @a北京@c中国人民大学出版社@d2014.3
215    @a20,498页@d23cm
300    @a国家出版基金项目
314    @a主编:戴逸
330    @a本书精选张之洞所撰《輶轩语》、《书目答问》、《劝学篇》等论著和反映其思想主张的奏疏、咨札、电牍、书信计66篇,大体上反映了张之洞的重要思想及其变化轨迹,以及他在外交、军事、司法、理财、实业、币制、铁路诸方面的思想主张。
600  0 @a张之洞@AZhang Zhi Dong@f(1837-1909)@j文集
606 0  @a思想史@ASi Xiang Shi@x研究@y中国@z近代
606 0  @a研究@AYan Jiu
606 0  @a中国@AZhong Guo
690    @aB250.5@v5
701  0 @a戴逸@ADai Yi@f(1926~)@4主编
702  0 @a吴剑杰@AWu Jian Jie@f(1939~)@4编
801  0 @aCN@bTANGWEI@20160802
905    @b0886750-4@dB250.5@e64:1@f5
    
    中国近代思想家文库.张之洞卷/吴剑杰[卷]编 .-北京:中国人民大学出版社,2014.3
    20,498页;23cm
    国家出版基金项目
    
    ISBN 978-7-300-18592-7:CNY74.00
    本书精选张之洞所撰《輶轩语》、《书目答问》、《劝学篇》等论著和反映其思想主张的奏疏、咨札、电牍、书信计66篇,大体上反映了张之洞的重要思想及其变化轨迹,以及他在外交、军事、司法、理财、实业、币制、铁路诸方面的思想主张。
●
相关链接 在E读中查询图书 在五车中查询图书 在当当中查询图书 在豆瓣中查询图书


正题名:中国近代思想家文库     索取号:B250.5/64:1         预约/预借

序号 登录号 条形码 馆藏地/架位号 状态 备注
1 0886750   208867500   第一样本阅览室/ [索取号:B250.5/64:1] 在馆    
2 0886751   208867519   第一借阅区/ [索取号:B250.5/64:1] 在馆    
3 0886752   208867528   第一借阅区/ [索取号:B250.5/64:1] 在馆    
4 0886753   208867537   第一借阅区/ [索取号:B250.5/64:1] 在馆    
5 0886754   208867546   第一借阅区/ [索取号:B250.5/64:1] 在馆    
唐山师范学院图书馆 欢迎您!
大连网信软件有限公司© 版权所有